| 000 | 00550nam a2200169 i 4500 | ||
|---|---|---|---|
| 001 | 72546 | ||
| 003 | ES-MaACL | ||
| 007 | t| | ||
| 008 | 040901s1970 mx ||||1| spa d | ||
| 100 | 1 |
_aGlasgow, Ellen. _957400 |
|
| 245 | 1 | 3 |
_aEl tercer vidente y otros cuentos / _cde Ellen Glasgow ; compilados por Richard K. Meeker ; [traducido por Pilar Angulo]. |
| 260 |
_aMéxico : _bPax-México, _c[1970] |
||
| 300 |
_aXI, 338 p. ; _c21 cm. |
||
| 700 | 1 |
_aMeeker, Ricahrd K. _979788 |
|
| 700 | 1 |
_aAngulo, Pilar. _921783 |
|
| 852 |
_aES-MaACL _jE-9256 _bR.93852 |
||
| 999 |
_c72546 _d72546 |
||